LIBRARY ONLINE CATALOGUE

An Investigation into factors contributing to drug and substance abuse among the youth in Lamu County, Kenya (Record no. 18117)

MARC details
000 -LEADER
fixed length control field 00594nam a22001697a 4500
008 - FIXED-LENGTH DATA ELEMENTS--GENERAL INFORMATION
fixed length control field 191205b xxu||||| |||| 00| 0 eng d
040 ## - CATALOGING SOURCE
Original cataloging agency KABU
Transcribing agency KABU
050 ## - LIBRARY OF CONGRESS CALL NUMBER
Classification number HV5824
Item number .D78 2017 c. 1
110 ## - MAIN ENTRY--CORPORATE NAME
Corporate name or jurisdiction name as entry element Kenya national Commission for UNESCO
245 ## - TITLE STATEMENT
Title An Investigation into factors contributing to drug and substance abuse among the youth in Lamu County, Kenya
260 ## - PUBLICATION, DISTRIBUTION, ETC. (IMPRINT)
Place of publication, distribution, etc. Kenya
Name of publisher, distributor, etc. Kenya National Commission for UNESCO
Date of publication, distribution, etc. 2017
300 ## - PHYSICAL DESCRIPTION
Extent xii, 82 p.
650 ## - SUBJECT ADDED ENTRY--TOPICAL TERM
Topical term or geographic name as entry element Teenagers
General subdivision Drug use
650 ## - SUBJECT ADDED ENTRY--TOPICAL TERM
Topical term or geographic name as entry element Drug abuse
Geographic subdivision Kenya
650 ## - SUBJECT ADDED ENTRY--TOPICAL TERM
Topical term or geographic name as entry element Drug abuse
General subdivision Prevention
942 ## - ADDED ENTRY ELEMENTS (KOHA)
Source of classification or shelving scheme Library of Congress Classification
Koha item type General Collection
Classification part HV5824
Holdings
Withdrawn status Lost status Source of classification or shelving scheme Not for loan Home library Current library Date acquired Total Checkouts Full call number Barcode Date last seen Copy number Price effective from Koha item type
    Library of Congress Classification   Kabarak, Main Campus Kabarak, Main Campus 05/12/2019   HV5824 .D78 2017 c. 1 027618 05/12/2019 c. 1 05/12/2019 General Collection
    Library of Congress Classification   Kabarak, Main Campus Kabarak, Main Campus 05/12/2019   HV5824 .D78 2017 c. 2 027622 05/12/2019 c. 2 05/12/2019 General Collection
    Library of Congress Classification   Kabarak, Main Campus Kabarak, Main Campus 05/12/2019   HV5824 .D78 2017 c. 3 027617 05/12/2019 c. 3 05/12/2019 General Collection